Les Départements des Centrales Nucléaires Françaises - Statistiques

Statistiques générales
  • Ce quiz a été pris 37 fois
    28 depuis la dernière actualisation
  • Le résultat moyen est 9 sur 18
Statistiques - réponses
Nom de la Centrale Département % Correct
Tricastin Drôme
74%
Flamanville Manche
70%
Gravelines Nord
70%
Bugey Ain
65%
Chooz Ardennes
65%
Cattenom Moselle
61%
Chinon Indre-et-Loire
57%
Dampierre Loiret
57%
Saint-Laurent Loir-et-Cher
57%
Saint-Alban Isère
52%
Cruas Ardèche
48%
Paluel Seine-Maritime
43%
Penly Seine-Maritime
43%
Le Blayais Gironde
39%
Golfech Tarn-et-Garonne
39%
Civaux Vienne
35%
Belleville Cher
30%
Nogent Haute-Marne
30%
Aucun quiz correspondant
Distribution des résultats
% des personnes avec chaque résultat
Percentile par nombre de réponses
Votre historique - résultats
Vous n’avez pas pris ce quiz depuis la dernière actualisation